000 00308nam a22001217a 4500
008 170524b xxu||||| |||| 00| 0 eng d
041 _aeng
080 _a62
100 _a26
101 _aIM
245 _aFUZZY REASONING IN INFORMATION DECISION AND CONTROL SYSTEMS
_cTZAFESTAG.S.G
942 _2udc
_cBK
999 _c14008
_d14008